| 000 | 004670000a22001930004500 | ||
|---|---|---|---|
| 003 | LK-CoMWRAF | ||
| 005 | 20231019121753.0 | ||
| 008 | 230817t1993 ||||| |||| 00| 0 eng d | ||
| 020 | _a0679409483 | ||
| 040 |
_aLK-CoMWRAF _dLK-CoMWRAF _eLK-CoMWRAF |
||
| 041 | _aeng | ||
| 082 |
_a823 _bSOU |
||
| 100 | _aSoueif, Ahdaf | ||
| 245 | _aIn the eye of the sun | ||
| 260 |
_aNew York : _bPantheon Books, _c1993 |
||
| 300 | _a791p | ||
| 650 | _aEnglish Fiction | ||
| 942 | _cBK | ||
| 999 |
_c18 _d18 |
||